MARC details
| 000 -CABECERA |
| campo de control de longitud fija |
02472cam a2200385 i 4500 |
| 001 - NÚMERO DE CONTROL |
| campo de control |
23635687 |
| 005 - FECHA Y HORA DE LA ÚLTIMA TRANSACCIÓN |
| campo de control |
20250408084923.0 |
| 008 - DATOS DE LONGITUD FIJA--INFORMACIÓN GENERAL |
| campo de control de longitud fija |
240409t20222022nyua 001 0 eng d |
| 010 ## - NÚMERO DE CONTROL DE LA BIBLIOTECA DEL CONGRESO |
| Número de control de LC |
2024404017 |
| 015 ## - NÚMERO DE BIBLIOGRAFÍA NACIONAL |
| Número de bibliografía nacional |
GBC2H4725 |
| Fuente |
bnb |
| 016 7# - NÚMERO DE CONTROL DE UNA AGENCIA BIBLIOGRÁFICA NACIONAL |
| Número de control del registro |
020763968 |
| Fuente |
Uk |
| 020 ## - NÚMERO INTERNACIONAL ESTÁNDAR DEL LIBRO |
| Número Internacional Estándar del Libro |
9780241515891 |
| 035 ## - NÚMERO DE CONTROL DEL SISTEMA |
| Número de control de sistema |
(OCoLC)on1296118706 |
| 040 ## - FUENTE DE LA CATALOGACIÓN |
| Centro catalogador/agencia de origen |
YDX |
| Lengua de catalogación |
eng |
| Normas de descripción |
rda |
| Centro/agencia transcriptor |
YDX |
| Centro/agencia modificador |
BDX |
| -- |
ATNSH |
| -- |
UKMGB |
| -- |
GK8 |
| -- |
OCLCF |
| -- |
IEB |
| -- |
OCO |
| -- |
NZAUC |
| -- |
T7L |
| -- |
CGP |
| -- |
OCLCO |
| -- |
OCLCL |
| -- |
DLC |
| 041 ## - CÓDIGO DE LENGUA |
| Código de lengua del texto/banda sonora o título independiente |
eng |
| 042 ## - CÃDIGO DE AUTENTICACIÃN |
| Código de autenticación |
lccopycat |
| 050 00 - SIGNATURA TOPOGRÁFICA DE LA BIBLIOTECA DEL CONGRESO |
| Número de clasificación |
QP376 |
| Número de documento/Ítem |
.B75 2022 |
| 245 00 - MENCIÓN DE TÍTULO |
| Título |
Simply the brain |
| Mención de responsabilidad, etc. |
/ contributors, Liam Drew, Alina Ivan, Susan Watt, Emma Yhnell. |
| 246 30 - FORMA VARIANTE DE TÍTULO |
| Título propio/Titulo breve |
Brain |
| 250 ## - MENCIÓN DE EDICIÓN |
| Mención de edición |
First American edition. |
| 260 ## - PUBLICACIÓN, DISTRIBUCIÓN, ETC. |
| Lugar de publicación, distribución, etc. |
New York, NY : |
| Nombre del editor, distribuidor, etc. |
DK Publishing, |
| Fecha de publicación, distribución, etc. |
2022. |
| 300 ## - DESCRIPCIÓN FÍSICA |
| Extensión |
160 pages : |
| Otras características físicas |
color illustrations ; |
| Dimensiones |
22 cm. |
| 490 ## - MENCIÓN DE SERIE |
| Mención de serie |
Simply |
| 500 ## - NOTA GENERAL |
| Nota general |
Includes index. |
| 505 0# - NOTA DE CONTENIDO CON FORMATO |
| Nota de contenido con formato |
The human brain — The sensational world — Moods and emotions — Individuality — Memory and learning — Communication — The brain and action — The social brain — Neurodiversity — The rational brain — The conscious brain. |
| 520 ## - SUMARIO, ETC. |
| Sumario, etc. |
The clearest, simplest guide to understanding the human brain. The human brain is a most remarkable organ, but how well do we really understand the way it works? Discover more about what goes on in your head with this guide to the brain and the mind, based on the latest neuroscience research. What is a brain and what is the mind? Do you only use 10% of your brain? Why do some people hear colour? Simply The Brain explores everything that goes on in the brain when you think, feel, and perceive the world around you. If you simply want a jargon-free reference to the mind and the brain, this essential guide is packed with everything you need to understand the basics quickly and easily. Covering more than 90 key ideas from neurons and nerves to forming memories and brain implants, each pared-back entry explains the concept more clearly than ever before. Combining bold, elegant graphics with easy-to-understand text, Simply The Brain is the perfect introduction to the subject for those who are short of time but hungry for knowledge. |
| 650 #0 - PUNTO DE ACCESO ADICIONAL DE MATERIA--TÉRMINO DE MATERIA |
| Término de materia o nombre geográfico como elemento de entrada |
Brain |
| Subdivisión de forma |
Popular works |
| 9 (RLIN) |
11753 |
| 650 #0 - PUNTO DE ACCESO ADICIONAL DE MATERIA--TÉRMINO DE MATERIA |
| Término de materia o nombre geográfico como elemento de entrada |
Brain |
| 9 (RLIN) |
9635 |
| 655 #0 - TÉRMINO DE INDIZACIÓN--GÉNERO/FORMA |
| Datos o término principal de género/forma |
Popular works |
| 9 (RLIN) |
25134 |
| 700 ## - ENTRADA AGREGADA--NOMBRE PERSONAL |
| Nombre de persona |
Drew, Liam |
| Término indicativo de función/relación |
contributor |
| 9 (RLIN) |
25135 |
| 700 ## - ENTRADA AGREGADA--NOMBRE PERSONAL |
| Nombre de persona |
Ivan, Alina |
| Término indicativo de función/relación |
contributor |
| 9 (RLIN) |
25136 |
| 700 ## - ENTRADA AGREGADA--NOMBRE PERSONAL |
| Nombre de persona |
Watt, Susan |
| Fechas asociadas al nombre |
1958- |
| Término indicativo de función/relación |
contributor |
| 9 (RLIN) |
25137 |
| 700 ## - ENTRADA AGREGADA--NOMBRE PERSONAL |
| Nombre de persona |
Yhnell, Emma |
| Término indicativo de función/relación |
contributor |
| 9 (RLIN) |
25138 |
| 942 ## - ELEMENTOS DE ENTRADA AGREGADA (KOHA) |
| Fuente del sistema de clasificación o colocación |
Clasificación de Library of Congress |